000 00357nam a2200133Ia 4500
008 151213s9999 xx 000 0 und d
100 _aCales Editorial Board
245 _aKeats Poetry Notes
_cCales Editorial Board
260 _aNew Dhilhi
_bRama Brothers
_c1991
300 _a1860 p.
650 _aEnglish
700 _aCales Editorial Board
999 _c1365
_d1365